000 00221nam a2200097Ia 4500
008 240331s9999 xx 000 0 und d
082 _bPUR
100 _aJoshi,P.C. ed
245 0 _aPuradchi-1857 :
_bor aaivaranku
942 _cL
999 _c2286
_d2286